[Event "Bundesliga 9899"]
[Site "Deutschland"]
[Date "1998.10.17"]
[Round "1.8"]
[White "Gustafsson, Jan"]
[Black "Tseitlin, Mikhail S"]
[Result "1/2-1/2"]
[WhiteElo "2385"]
[BlackElo "2445"]
[PlyCount "34"]
[EventDate "1998.10.17"]
[EventType "team"]
[EventRounds "15"]
[EventCountry "GER"]
[SourceTitle "Bundesliga 9899"]
[Source "DeepChess"]
[SourceDate "2005.01.01"]
[SourceVersion "1"]
[SourceVersionDate "2005.01.01"]
[SourceQuality "1"]
[WhiteTeam "Hamburger SK 1830 e.V."]
[BlackTeam "SAbt SV Werder Bremen"]
[WhiteTeamCountry "GER"]
[BlackTeamCountry "GER"]

1. d4 f5 2. g3 Nf6 3. Bg2 g6 4. c3 Nc6 5. Nd2 Bg7 6. Nh3 e6 7. Nf4 Ne7 8. Qb3
O-O 9. O-O g5 10. Nd3 Ng6 11. e4 d5 12. exf5 exf5 13. Ne5 c6 14. c4 Re8 15.
cxd5 Nxd5 16. Nxg6 hxg6 17. Nf3 g4 1/2-1/2

[Event "Bundesliga 9899"]
[Site "Deutschland"]
[Date "1998.10.17"]
[Round "1.1"]
[White "Georgiev, Kiril"]
[Black "Epishin, Vladimir"]
[Result "1/2-1/2"]
[WhiteElo "2675"]
[BlackElo "2590"]
[PlyCount "103"]
[EventDate "1998.10.17"]
[EventType "team"]
[EventRounds "15"]
[EventCountry "GER"]
[SourceTitle "Bundesliga 9899"]
[Source "DeepChess"]
[SourceDate "2005.01.01"]
[SourceVersion "1"]
[SourceVersionDate "2005.01.01"]
[SourceQuality "1"]
[WhiteTeam "SG Bochum 31"]
[BlackTeam "PSV Turm Duisburg 1920 e.V."]
[WhiteTeamCountry "GER"]
[BlackTeamCountry "GER"]

1. d4 Nf6 2. c4 e6 3. Nc3 Bb4 4. Qc2 O-O 5. e4 d6 6. a3 Bxc3+ 7. bxc3 Nbd7 8.
Bd3 c5 9. Ne2 Qc7 10. O-O b5 11. e5 bxc4 12. Be4 Nxe4 13. Qxe4 dxe5 14. Qxa8
Bb7 15. Qxa7 Ra8 16. Qxa8+ Bxa8 17. Be3 Nb6 18. dxe5 Na4 19. Rfd1 h6 20. Rd6
Qb7 21. f3 Qb2 22. Re1 Bd5 23. Kf1 Qc2 24. Rd8+ Kh7 25. Rd7 Qf5 26. Bc1 Kg8 27.
Ra7 Qc2 28. Rc7 Qd3 29. Kf2 Qc2 30. Kf1 Qd3 31. Kf2 Nxc3 32. Nxc3 Qxc3 33. Rxc5
Qd4+ 34. Be3 Qh4+ 35. Kf1 Qxh2 36. a4 h5 37. a5 h4 38. Bg1 Qh1 39. Rxd5 exd5
40. a6 h3 41. gxh3 Qxf3+ 42. Bf2 d4 43. a7 d3 44. Ra1 Qa8 45. Bd4 Kh7 46. Kf2
Kg6 47. Ke3 Kf5 48. Rf1+ Ke6 49. Ra1 Kf5 50. Rf1+ Ke6 51. Ra1 Kf5 52. Rf1+
1/2-1/2

[Event "Bundesliga 9899"]
[Site "Deutschland"]
[Date "1998.10.17"]
[Round "1.3"]
[White "Keitlinghaus, Ludger"]
[Black "Thesing, Matthias"]
[Result "1/2-1/2"]
[WhiteElo "2500"]
[BlackElo "2435"]
[PlyCount "89"]
[EventDate "1998.10.17"]
[EventType "team"]
[EventRounds "15"]
[EventCountry "GER"]
[SourceTitle "Bundesliga 9899"]
[Source "DeepChess"]
[SourceDate "2005.01.01"]
[SourceVersion "1"]
[SourceVersionDate "2005.01.01"]
[SourceQuality "1"]
[WhiteTeam "SG Bochum 31"]
[BlackTeam "PSV Turm Duisburg 1920 e.V."]
[WhiteTeamCountry "GER"]
[BlackTeamCountry "GER"]

1. d4 d5 2. Bf4 c5 3. e3 Nc6 4. c3 Nf6 5. Nd2 Qb6 6. Qb3 cxd4 7. Qxb6 axb6 8.
exd4 Bf5 9. Ngf3 Rc8 10. h3 e6 11. Ne5 Nxe5 12. Bxe5 Kd8 13. Bb5 Ne8 14. O-O f6
15. Bh2 Bd6 16. Bxe8 Bxh2+ 17. Kxh2 Rxe8 18. Rfe1 Kd7 19. Nf1 Ra8 20. Ne3 Bg6
21. a3 Rec8 22. Re2 Kd6 23. Rae1 Bd3 24. Rd2 Bg6 25. Rde2 Bd3 26. Rd2 Bg6 27.
h4 h5 28. Kg3 Bh7 29. f3 b5 30. Rh1 Re8 31. Kf2 Kc6 32. g3 Rad8 33. Ng2 e5 34.
Rhd1 e4 35. f4 Bf5 36. Ne3 g6 37. Rf1 Kd6 38. Ke1 Ra8 39. Rdf2 Rec8 40. Kd2 Rc7
41. Rg1 Ke6 42. Rgf1 Ra4 43. Rg1 Ra8 44. Rgf1 Ra4 45. Rg1 1/2-1/2

[Event "Bundesliga 9899"]
[Site "Deutschland"]
[Date "1998.10.17"]
[Round "1.4"]
[White "Volke, Karsten"]
[Black "Reschke, Stefan"]
[Result "1/2-1/2"]
[WhiteElo "2460"]
[BlackElo "2380"]
[PlyCount "69"]
[EventDate "1998.10.17"]
[EventType "team"]
[EventRounds "15"]
[EventCountry "GER"]
[SourceTitle "Bundesliga 9899"]
[Source "DeepChess"]
[SourceDate "2005.01.01"]
[SourceVersion "1"]
[SourceVersionDate "2005.01.01"]
[SourceQuality "1"]
[WhiteTeam "PSV Turm Duisburg 1920 e.V."]
[BlackTeam "SG Bochum 31"]
[WhiteTeamCountry "GER"]
[BlackTeamCountry "GER"]

1. e4 c5 2. Nf3 d6 3. d4 cxd4 4. Nxd4 Nf6 5. Nc3 g6 6. Be3 Bg7 7. f3 Nc6 8. Qd2
O-O 9. Bc4 Bd7 10. O-O-O Ne5 11. Bb3 Rc8 12. h4 h5 13. Bg5 Rc5 14. Kb1 Re8 15.
Rhe1 Qc8 16. Nd5 Nxd5 17. exd5 a5 18. a4 Nc4 19. Qd3 Rxd5 20. Qxc4 Qxc4 21.
Bxc4 Rxd4 22. Rxd4 Bxd4 23. Rxe7 Rxe7 24. Bxe7 Bxa4 25. Bd5 b6 26. Bxd6 Bf2 27.
g3 Kg7 28. Kc1 Be3+ 29. Kd1 Bb5 30. Be5+ f6 31. Bc3 Bf2 32. Be1 Bd4 33. b3 Bc5
34. Bd2 Bf2 35. Be1 1/2-1/2

[Event "Bundesliga 9899"]
[Site "Deutschland"]
[Date "1998.10.17"]
[Round "1.5"]
[White "Ellers, Holger"]
[Black "Kraut, Rainer"]
[Result "1/2-1/2"]
[WhiteElo "2450"]
[BlackElo "2470"]
[PlyCount "44"]
[EventDate "1998.10.17"]
[EventType "team"]
[EventRounds "15"]
[EventCountry "GER"]
[SourceTitle "Bundesliga 9899"]
[Source "DeepChess"]
[SourceDate "2005.01.01"]
[SourceVersion "1"]
[SourceVersionDate "2005.01.01"]
[SourceQuality "1"]
[WhiteTeam "SG Bochum 31"]
[BlackTeam "PSV Turm Duisburg 1920 e.V."]
[WhiteTeamCountry "GER"]
[BlackTeamCountry "GER"]

1. d4 d5 2. c4 dxc4 3. Nf3 Nf6 4. e3 Bg4 5. Bxc4 e6 6. O-O a6 7. h3 Bh5 8. Nc3
Nc6 9. Be2 Bd6 10. b3 O-O 11. Bb2 Qe7 12. Nd2 Bxe2 13. Qxe2 Ba3 14. Bxa3 Qxa3
15. Nc4 Qe7 16. Rac1 Rfd8 17. Qf3 Nd5 18. Qg3 Nxc3 19. Rxc3 Nb4 20. Na5 c6 21.
a3 Nd5 22. Rcc1 Nb6 1/2-1/2

[Event "Bundesliga 9899"]
[Site "Deutschland"]
[Date "1998.10.17"]
[Round "1.6"]
[White "Zude, Arno"]
[Black "De Gleria, Francesco"]
[Result "1/2-1/2"]
[WhiteElo "2390"]
[BlackElo "2245"]
[PlyCount "76"]
[EventDate "1998.10.17"]
[EventType "team"]
[EventRounds "15"]
[EventCountry "GER"]
[SourceTitle "Bundesliga 9899"]
[Source "DeepChess"]
[SourceDate "2005.01.01"]
[SourceVersion "1"]
[SourceVersionDate "2005.01.01"]
[SourceQuality "1"]
[WhiteTeam "PSV Turm Duisburg 1920 e.V."]
[BlackTeam "SG Bochum 31"]
[WhiteTeamCountry "GER"]
[BlackTeamCountry "GER"]

1. e4 c5 2. Nf3 d6 3. d4 cxd4 4. Nxd4 Nf6 5. Nc3 Nc6 6. Bg5 e6 7. Qd2 a6 8.
O-O-O h6 9. Be3 Be7 10. f4 Nxd4 11. Bxd4 b5 12. Be2 b4 13. Na4 Nxe4 14. Qe3 Nf6
15. Bf3 d5 16. Kb1 O-O 17. Nb6 Rb8 18. g4 Ne8 19. Be2 Bf6 20. Bxf6 Nxf6 21.
Nxc8 Qxc8 22. Bf3 Ne8 23. g5 hxg5 24. fxg5 Nd6 25. Rhg1 Nc4 26. Qe2 Qc5 27. g6
Na3+ 28. Kc1 Nxc2 29. Qxc2 Qe3+ 30. Kb1 Qxf3 31. Ka1 b3 32. Qc6 bxa2 33. gxf7+
Rxf7 34. Qxe6 Kh8 35. Qxd5 Qxd5 36. Rxd5 Rf2 37. Rh5+ Kg8 38. Rhg5 Rbxb2
1/2-1/2

[Event "Bundesliga 9899"]
[Site "Deutschland"]
[Date "1998.10.17"]
[Round "1.7"]
[White "Ankerst, Mihael"]
[Black "Schmitz, Joachim"]
[Result "0-1"]
[WhiteElo "2360"]
[BlackElo "2310"]
[PlyCount "61"]
[EventDate "1998.10.17"]
[EventType "team"]
[EventRounds "15"]
[EventCountry "GER"]
[SourceTitle "Bundesliga 9899"]
[Source "DeepChess"]
[SourceDate "2005.01.01"]
[SourceVersion "1"]
[SourceVersionDate "2005.01.01"]
[SourceQuality "1"]
[WhiteTeam "SG Bochum 31"]
[BlackTeam "PSV Turm Duisburg 1920 e.V."]
[WhiteTeamCountry "GER"]
[BlackTeamCountry "GER"]

1. e4 c6 2. d4 d5 3. Nd2 dxe4 4. Nxe4 Bf5 5. Ng3 Bg6 6. h4 h6 7. f4 e6 8. Nf3
Nf6 9. h5 Bh7 10. Bd3 Bxd3 11. Qxd3 Bd6 12. Bd2 Qc7 13. Ne5 O-O 14. O-O-O c5
15. dxc5 Bxc5 16. Ne4 Nxe4 17. Qxe4 Nd7 18. g4 f5 19. gxf5 Nxe5 20. fxe5 Rxf5
21. Bc3 Raf8 22. Kb1 b5 23. b3 Rf4 24. Qg6 Qf7 25. Qxf7+ R8xf7 26. Rd8+ Kh7 27.
Kb2 b4 28. Be1 Bd4+ 29. Kc1 Bxe5 30. Re8 Rf1 31. Rxf1 0-1

[Event "Bundesliga 9899"]
[Site "Deutschland"]
[Date "1998.10.17"]
[Round "1.8"]
[White "Kummerow, Heiko"]
[Black "Kitte, Sebastian"]
[Result "1-0"]
[WhiteElo "2280"]
[BlackElo "2305"]
[PlyCount "69"]
[EventDate "1998.10.17"]
[EventType "team"]
[EventRounds "15"]
[EventCountry "GER"]
[SourceTitle "Bundesliga 9899"]
[Source "DeepChess"]
[SourceDate "2005.01.01"]
[SourceVersion "1"]
[SourceVersionDate "2005.01.01"]
[SourceQuality "1"]
[WhiteTeam "PSV Turm Duisburg 1920 e.V."]
[BlackTeam "SG Bochum 31"]
[WhiteTeamCountry "GER"]
[BlackTeamCountry "GER"]

1. e4 c5 2. Nf3 e6 3. d4 cxd4 4. Nxd4 a6 5. Bd3 Bc5 6. Nb3 Ba7 7. Qe2 d6 8. Be3
Nc6 9. Nc3 Nf6 10. O-O-O O-O 11. f4 e5 12. f5 Bxe3+ 13. Qxe3 b5 14. Be2 b4 15.
Nd5 a5 16. Nxf6+ gxf6 17. Qh6 Kh8 18. Rd3 Rg8 19. Rh3 Rg7 20. Rg3 Rg8 21. Rxg8+
Kxg8 22. Rd1 Qf8 23. Qxf6 a4 24. Rd3 h6 25. Rg3+ Kh7 26. Nd2 Nd4 27. Bc4 Ba6
28. Kb1 Bxc4 29. Nxc4 Rc8 30. Qxd6 Qxd6 31. Nxd6 Rd8 32. Nxf7 Rd7 33. Nxe5 Re7
34. Ng4 Rf7 35. Rd3 1-0

[Event "Bundesliga 9899"]
[Site "Deutschland"]
[Date "1998.10.17"]
[Round "1.1"]
[White "Jussupow, Artur"]
[Black "Sokolovs, Andrei"]
[Result "1/2-1/2"]
[WhiteElo "2630"]
[BlackElo "2490"]
[PlyCount "62"]
[EventDate "1998.10.17"]
[EventType "team"]
[EventRounds "15"]
[EventCountry "GER"]
[SourceTitle "Bundesliga 9899"]
[Source "DeepChess"]
[SourceDate "2005.01.01"]
[SourceVersion "1"]
[SourceVersionDate "2005.01.01"]
[SourceQuality "1"]
[WhiteTeam "SG 1868 Aljech. Solingen"]
[BlackTeam "SK Zaehringen 1921"]
[WhiteTeamCountry "GER"]
[BlackTeamCountry "GER"]

1. d4 Nf6 2. Nf3 e6 3. e3 b6 4. Bd3 Bb7 5. O-O c5 6. c4 Nc6 7. Nc3 Nb4 8. Bb1
cxd4 9. exd4 Rc8 10. a3 Bxf3 11. Qxf3 Nc6 12. Rd1 Na5 13. Ba2 Nxc4 14. d5 a6
15. Bg5 h6 16. Bxf6 Qxf6 17. dxe6 fxe6 18. Qb7 Qd8 19. Qe4 Qc7 20. Qg6+ Kd8 21.
Qxe6 Nxb2 22. Rxd7+ Qxd7 23. Qxb6+ Qc7 24. Qxb2 Qxc3 25. Rd1+ Bd6 26. Qb6+ Qc7
27. Rxd6+ Ke7 28. Re6+ Kd8 29. Rd6+ Ke7 30. Re6+ Kd8 31. Rd6+ Ke7 1/2-1/2

[Event "Bundesliga 9899"]
[Site "Deutschland"]
[Date "1998.10.17"]
[Round "1.5"]
[White "Kasimdzhanov, Rustam"]
[Black "Vatter, Hans Joachim"]
[Result "1-0"]
[WhiteElo "2565"]
[BlackElo "2290"]
[PlyCount "57"]
[EventDate "1998.10.17"]
[EventType "team"]
[EventRounds "15"]
[EventCountry "GER"]
[SourceTitle "Bundesliga 9899"]
[Source "DeepChess"]
[SourceDate "2005.01.01"]
[SourceVersion "1"]
[SourceVersionDate "2005.01.01"]
[SourceQuality "1"]
[WhiteTeam "SG 1868 Aljech. Solingen"]
[BlackTeam "SK Zaehringen 1921"]
[WhiteTeamCountry "GER"]
[BlackTeamCountry "GER"]

1. d4 Nf6 2. c4 e6 3. Nf3 b6 4. a3 Bb7 5. Nc3 d5 6. cxd5 Nxd5 7. Qc2 Nd7 8.
Nxd5 Bxd5 9. Bg5 Qc8 10. e4 Bb7 11. Rc1 c6 12. Bd3 h6 13. Bh4 Be7 14. Bxe7 Kxe7
15. O-O Rd8 16. b4 Kf8 17. e5 Nb8 18. Rfd1 Qd7 19. Be4 Kg8 20. Nd2 Qe7 21. Nc4
Qc7 22. Nd6 a6 23. d5 exd5 24. Bxd5 Rf8 25. Ba2 Bc8 26. Nxf7 Rxf7 27. Qg6 Ra7
28. Bxf7+ Kf8 29. e6 1-0

[Event "Bundesliga 9899"]
[Site "Deutschland"]
[Date "1998.10.17"]
[Round "1.6"]
[White "Maier, Christian"]
[Black "Bischoff, Klaus"]
[Result "1/2-1/2"]
[WhiteElo "2380"]
[BlackElo "2545"]
[PlyCount "119"]
[EventDate "1998.10.17"]
[EventType "team"]
[EventRounds "15"]
[EventCountry "GER"]
[SourceTitle "Bundesliga 9899"]
[Source "DeepChess"]
[SourceDate "2005.01.01"]
[SourceVersion "1"]
[SourceVersionDate "2005.01.01"]
[SourceQuality "1"]
[WhiteTeam "SK Zaehringen 1921"]
[BlackTeam "SG 1868 Aljech. Solingen"]
[WhiteTeamCountry "GER"]
[BlackTeamCountry "GER"]

1. e4 c5 2. Nf3 d6 3. d4 cxd4 4. Nxd4 Nf6 5. Nc3 a6 6. f4 e6 7. Bd3 Be7 8. e5
Nd5 9. Nxd5 exd5 10. O-O Nc6 11. Be3 dxe5 12. Nxc6 bxc6 13. fxe5 O-O 14. Qh5 g6
15. Qh6 Be6 16. c3 Re8 17. Rf6 Bf8 18. Qh4 Bg7 19. Bd4 a5 20. Qf2 a4 21. Rf1
Rb8 22. h4 Re7 23. h5 Qe8 24. Ba7 Ra8 25. Bc5 Rb7 26. Bd4 Rab8 27. Qg3 Bxf6 28.
exf6 Rxb2 29. hxg6 hxg6 30. Bxg6 fxg6 31. f7+ Bxf7 32. Qh4 Rxg2+ 33. Kh1 Rh2+
34. Qxh2 Qe4+ 35. Kg1 Qg4+ 36. Kh1 Qh5 37. Qxh5 gxh5 38. Rf6 Rb2 39. a3 Be8 40.
Re6 Kf7 41. Re5 Bd7 42. Rxh5 Kg6 43. Rh2 Rb1+ 44. Kg2 Rb2+ 45. Kg3 Rxh2 46.
Kxh2 Kf5 47. Kg3 Ke4 48. Bf6 Bc8 49. Be7 Kd3 50. Bb4 Kc4 51. Kf4 c5 52. Ba5 Kb3
53. Ke5 Bb7 54. Bb6 Kxa3 55. Bxc5+ Kb3 56. Kd4 a3 57. Bxa3 Kxa3 58. c4 dxc4 59.
Kxc4 Bd5+ 60. Kxd5 1/2-1/2

[Event "Bundesliga 9899"]
[Site "Deutschland"]
[Date "1998.10.17"]
[Round "1.7"]
[White "Chandler, Murray G"]
[Black "Roos, Jean Luc"]
[Result "1/2-1/2"]
[WhiteElo "2555"]
[BlackElo "2315"]
[PlyCount "58"]
[EventDate "1998.10.17"]
[EventType "team"]
[EventRounds "15"]
[EventCountry "GER"]
[SourceTitle "Bundesliga 9899"]
[Source "DeepChess"]
[SourceDate "2005.01.01"]
[SourceVersion "1"]
[SourceVersionDate "2005.01.01"]
[SourceQuality "1"]
[WhiteTeam "SG 1868 Aljech. Solingen"]
[BlackTeam "SK Zaehringen 1921"]
[WhiteTeamCountry "GER"]
[BlackTeamCountry "GER"]

1. e4 e6 2. d4 d5 3. Nc3 Bb4 4. exd5 exd5 5. Bd3 c6 6. Nge2 Ne7 7. Ng3 O-O 8.
O-O Nd7 9. Bg5 f6 10. Bd2 Rf7 11. Nce2 Bd6 12. Bf4 Nf8 13. c3 Bxf4 14. Nxf4 Qd6
15. Qd2 f5 16. f3 g5 17. Nfe2 f4 18. Nh1 Nf5 19. Bxf5 Bxf5 20. Rae1 Re8 21. Nc1
Rfe7 22. Nf2 Ng6 23. Nd1 c5 24. Rxe7 Qxe7 25. dxc5 Qxc5+ 26. Nf2 Re3 27. Nb3
Qc4 28. Re1 Rxe1+ 29. Qxe1 Bd7 1/2-1/2

[Event "Bundesliga 9899"]
[Site "Deutschland"]
[Date "1998.10.17"]
[Round "1.8"]
[White "Herbrechtsmeier, Christof"]
[Black "Norwood, David"]
[Result "1/2-1/2"]
[WhiteElo "2280"]
[BlackElo "2515"]
[PlyCount "75"]
[EventDate "1998.10.17"]
[EventType "team"]
[EventRounds "15"]
[EventCountry "GER"]
[SourceTitle "Bundesliga 9899"]
[Source "DeepChess"]
[SourceDate "2005.01.01"]
[SourceVersion "1"]
[SourceVersionDate "2005.01.01"]
[SourceQuality "1"]
[WhiteTeam "SK Zaehringen 1921"]
[BlackTeam "SG 1868 Aljech. Solingen"]
[WhiteTeamCountry "GER"]
[BlackTeamCountry "GER"]

1. e4 g6 2. d4 Bg7 3. Nc3 c6 4. Bc4 d6 5. Qf3 e6 6. Nge2 Nd7 7. O-O Ngf6 8. Bg5
h6 9. Bh4 e5 10. Bb3 O-O 11. Rad1 Qe7 12. Qe3 Re8 13. f4 exf4 14. Nxf4 g5 15.
Ng6 Qd8 16. Bg3 Nb6 17. Qf2 Be6 18. e5 Nfd5 19. Nh4 gxh4 20. Bxh4 Qd7 21. Ne4
Bg4 22. Rd3 dxe5 23. Nc5 Qc7 24. Rg3 f5 25. h3 e4 26. hxg4 f4 27. Rh3 Kh8 28.
Bg5 e3 29. Qe2 Bxd4 30. Rxh6+ Kg7 31. Qd3 e2+ 32. Qxd4+ Qe5 33. Qxe5+ Rxe5 34.
Re1 Rxg5 35. Rd6 Rxg4 36. Kf2 Re8 37. Re6 Rf8 38. R6xe2 1/2-1/2

[Event "Bundesliga 9899"]
[Site "Deutschland"]
[Date "1998.10.17"]
[Round "1.6"]
[White "Nijboer, Friso"]
[Black "Hoffmann, Michael"]
[Result "1/2-1/2"]
[WhiteElo "2580"]
[BlackElo "2430"]
[PlyCount "97"]
[EventDate "1998.10.17"]
[EventType "team"]
[EventRounds "15"]
[EventCountry "GER"]
[SourceTitle "Bundesliga 9899"]
[Source "DeepChess"]
[SourceDate "2005.01.01"]
[SourceVersion "1"]
[SourceVersionDate "2005.01.01"]
[SourceQuality "1"]
[WhiteTeam "SG Porz e.V."]
[BlackTeam "SV Castrop Rauxel 1923"]
[WhiteTeamCountry "GER"]
[BlackTeamCountry "GER"]

1. e4 c5 2. Nf3 e6 3. Nc3 a6 4. d4 cxd4 5. Nxd4 b5 6. Bd3 Qb6 7. Nb3 Qc7 8. O-O
Nf6 9. f4 Bb7 10. e5 b4 11. Nb1 Nd5 12. Qe2 Nc6 13. N1d2 d6 14. Nc4 Be7 15.
exd6 Bxd6 16. Nxd6+ Qxd6 17. Qf2 O-O 18. Nc5 Bc8 19. Bd2 a5 20. Rad1 Nce7 21.
c4 bxc3 22. bxc3 Qc7 23. c4 Nb4 24. Bb1 Na6 25. Ne4 Bb7 26. Bc3 Bxe4 27. Bxe4
Rad8 28. Bb1 Qxc4 29. Bxa5 Rxd1 30. Rxd1 Nd5 31. Bd2 Nc3 32. Bxc3 Qxc3 33. Qd4
Qxd4+ 34. Rxd4 g6 35. Bd3 Nc7 36. Bc4 Ra8 37. Bb3 Kf8 38. g3 Ke7 39. Kf2 Nd5
40. Ra4 Rc8 41. Rc4 Rb8 42. Ke2 Kd6 43. Kd3 h6 44. Ra4 Nc7 45. Ra5 Rb4 46. Ra4
Rb8 47. Rd4+ Nd5 48. Ra4 Nc7 49. Rd4+ 1/2-1/2

[Event "Bundesliga 9899"]
[Site "Deutschland"]
[Date "1998.10.17"]
[Round "1.7"]
[White "Watson, William N"]
[Black "Stangl, Markus"]
[Result "1-0"]
[WhiteElo "2535"]
[BlackElo "2530"]
[PlyCount "61"]
[EventDate "1998.10.17"]
[EventType "team"]
[EventRounds "15"]
[EventCountry "GER"]
[SourceTitle "Bundesliga 9899"]
[Source "DeepChess"]
[SourceDate "2005.01.01"]
[SourceVersion "1"]
[SourceVersionDate "2005.01.01"]
[SourceQuality "1"]
[WhiteTeam "SV Castrop Rauxel 1923"]
[BlackTeam "SG Porz e.V."]
[WhiteTeamCountry "GER"]
[BlackTeamCountry "GER"]

1. e4 c6 2. d4 d5 3. f3 e6 4. Nc3 Bb4 5. Bd2 Nd7 6. Bd3 Ne7 7. f4 c5 8. e5 Nc6
9. Nb5 Bxd2+ 10. Qxd2 O-O 11. Nf3 f6 12. exf6 Rxf6 13. O-O-O a6 14. Nc3 Nxd4
15. Nxd4 cxd4 16. Ne2 Nc5 17. g3 Qb6 18. Nxd4 Bd7 19. Rhe1 Rc8 20. Re3 Na4 21.
c3 Be8 22. Bb1 Bh5 23. Rde1 Nxb2 24. Rxe6 Qb4 25. Rc6 Rfxc6 26. Nxc6 Nd3+ 27.
Qxd3 Rxc6 28. Qxd5+ Kf8 29. Qd8+ Kf7 30. Qe8+ Kf6 31. Qxc6+ 1-0

[Event "Bundesliga 9899"]
[Site "Deutschland"]
[Date "1998.10.17"]
[Round "1.8"]
[White "Van der Wiel, John TH"]
[Black "Appel, Ralf"]
[Result "1/2-1/2"]
[WhiteElo "2525"]
[BlackElo "2495"]
[PlyCount "107"]
[EventDate "1998.10.17"]
[EventType "team"]
[EventRounds "15"]
[EventCountry "GER"]
[SourceTitle "Bundesliga 9899"]
[Source "DeepChess"]
[SourceDate "2005.01.01"]
[SourceVersion "1"]
[SourceVersionDate "2005.01.01"]
[SourceQuality "1"]
[WhiteTeam "SG Porz e.V."]
[BlackTeam "SV Castrop Rauxel 1923"]
[WhiteTeamCountry "GER"]
[BlackTeamCountry "GER"]

1. e4 Nf6 2. e5 Nd5 3. d4 d6 4. Nf3 Bg4 5. Be2 e6 6. O-O Be7 7. h3 Bh5 8. c4
Nb6 9. Nc3 O-O 10. Be3 N8d7 11. exd6 cxd6 12. Nd2 Bxe2 13. Qxe2 Nf6 14. Rfd1
Re8 15. a4 a6 16. a5 Nbd7 17. d5 exd5 18. cxd5 Bf8 19. Nc4 Ne4 20. Nxe4 Rxe4
21. Qd3 Re8 22. Qb3 Rc8 23. Rac1 Rc7 24. Nb6 Nc5 25. Bxc5 dxc5 26. Nc4 Rd7 27.
Qf3 h6 28. g3 Qb8 29. Re1 Rde7 30. Rxe7 Bxe7 31. Re1 Bf6 32. Rxe8+ Qxe8 33. Kg2
Kf8 34. b3 Bd4 35. Qf5 g6 36. Qf4 Kg7 37. h4 h5 38. d6 Qc6+ 39. Kh2 Bf6 40. Nb6
Bd8 41. Qd2 Qe4 42. Nc4 Kf8 43. Qh6+ Kg8 44. Qd2 Kf8 45. Qc3 Kg8 46. Kg1 Qf5
47. Kg2 Bf6 48. Qf3 Qxf3+ 49. Kxf3 Kf8 50. Kf4 Bc3 51. g4 hxg4 52. Kxg4 Ke8 53.
f4 Kd7 54. f5 1/2-1/2

[Event "Bundesliga 9899"]
[Site "Deutschland"]
[Date "1998.10.17"]
[Round "1.1"]
[White "Nielsen, Peter Heine"]
[Black "Rausis, Igors"]
[Result "1/2-1/2"]
[WhiteElo "2505"]
[BlackElo "2520"]
[PlyCount "21"]
[EventDate "1998.10.17"]
[EventType "team"]
[EventRounds "15"]
[EventCountry "GER"]
[SourceTitle "Bundesliga 9899"]
[Source "DeepChess"]
[SourceDate "2005.01.01"]
[SourceVersion "1"]
[SourceVersionDate "2005.01.01"]
[SourceQuality "1"]
[WhiteTeam "SV Wattenscheid 1930"]
[BlackTeam "SK Viernheim"]
[WhiteTeamCountry "GER"]
[BlackTeamCountry "GER"]

1. d4 d5 2. c4 c6 3. Nc3 dxc4 4. e3 Be6 5. Nf3 b5 6. Ng5 Bf5 7. Nxf7 Kxf7 8.
Qf3 Kg6 9. Qg3+ Kf7 10. Qf3 Kg6 11. Qg3+ 1/2-1/2

[Event "Bundesliga 9899"]
[Site "Deutschland"]
[Date "1998.10.17"]
[Round "1.2"]
[White "Beikert, Guenther"]
[Black "Hall, Jesper"]
[Result "1/2-1/2"]
[WhiteElo "2495"]
[BlackElo "2460"]
[PlyCount "24"]
[EventDate "1998.10.17"]
[EventType "team"]
[EventRounds "15"]
[EventCountry "GER"]
[SourceTitle "Bundesliga 9899"]
[Source "DeepChess"]
[SourceDate "2005.01.01"]
[SourceVersion "1"]
[SourceVersionDate "2005.01.01"]
[SourceQuality "1"]
[WhiteTeam "SK Viernheim"]
[BlackTeam "SV Wattenscheid 1930"]
[WhiteTeamCountry "GER"]
[BlackTeamCountry "GER"]

1. e4 c5 2. Nf3 Nc6 3. g3 g6 4. Bg2 Bg7 5. O-O e5 6. d3 Nge7 7. Nc3 O-O 8. Nh4
d6 9. Be3 Be6 10. Qd2 Nd4 11. Nd5 Bxd5 12. exd5 Nef5 1/2-1/2

[Event "Bundesliga 9899"]
[Site "Deutschland"]
[Date "1998.10.17"]
[Round "1.3"]
[White "Sjodahl, Pontus"]
[Black "Sokolov, Andrei"]
[Result "1/2-1/2"]
[WhiteElo "2410"]
[BlackElo "2580"]
[PlyCount "34"]
[EventDate "1998.10.17"]
[EventType "team"]
[EventRounds "15"]
[EventCountry "GER"]
[SourceTitle "Bundesliga 9899"]
[Source "DeepChess"]
[SourceDate "2005.01.01"]
[SourceVersion "1"]
[SourceVersionDate "2005.01.01"]
[SourceQuality "1"]
[WhiteTeam "SV Wattenscheid 1930"]
[BlackTeam "SK Viernheim"]
[WhiteTeamCountry "GER"]
[BlackTeamCountry "GER"]

1. d4 Nf6 2. c4 e6 3. Nf3 d5 4. g3 c6 5. Qc2 Bd6 6. Bg2 Nbd7 7. O-O O-O 8. Nbd2
Re8 9. b3 e5 10. cxd5 cxd5 11. dxe5 Nxe5 12. Bb2 Nc6 13. e3 Bg4 14. Nd4 Nb4 15.
Qb1 Bh5 16. a3 Bg6 17. Nf5 Be5 1/2-1/2

[Event "Bundesliga 9899"]
[Site "Deutschland"]
[Date "1998.10.17"]
[Round "1.4"]
[White "Schulze, Ulrich"]
[Black "Holzke, Frank"]
[Result "1/2-1/2"]
[WhiteElo "2360"]
[BlackElo "2410"]
[PlyCount "43"]
[EventDate "1998.10.17"]
[EventType "team"]
[EventRounds "15"]
[EventCountry "GER"]
[SourceTitle "Bundesliga 9899"]
[Source "DeepChess"]
[SourceDate "2005.01.01"]
[SourceVersion "1"]
[SourceVersionDate "2005.01.01"]
[SourceQuality "1"]
[WhiteTeam "SK Viernheim"]
[BlackTeam "SV Wattenscheid 1930"]
[WhiteTeamCountry "GER"]
[BlackTeamCountry "GER"]

1. Nf3 Nf6 2. g3 g6 3. Bg2 Bg7 4. c4 O-O 5. d4 d5 6. cxd5 Nxd5 7. O-O Nb6 8.
Nc3 Nc6 9. d5 Na5 10. Qc2 c6 11. dxc6 Nxc6 12. Rd1 Bf5 13. e4 Bd7 14. Qe2 Rc8
15. Be3 Qe8 16. Bxb6 axb6 17. h3 Na5 18. Rac1 Ba4 19. Nxa4 Qxa4 20. b3 Qa3 21.
Rxc8 Rxc8 22. e5 1/2-1/2